LIBRARY & INFORMATION CENTRE, KCAET, TAVANUR

ONLINE PUBLIC ACCESS CATALOGUE (OPAC)

Principles of unit operations / (Record no. 11238)

MARC details
000 -LEADER
fixed length control field 00425cam a2200157ua 4500
020 ## - INTERNATIONAL STANDARD BOOK NUMBER
ISBN 9788126518296
082 ## - DEWEY DECIMAL CLASSIFICATION NUMBER
Classification number 660.2842
Item number FOU/PR
100 ## - MAIN ENTRY--AUTHOR NAME
Personal name Alan, S Foust .
245 ## - TITLE STATEMENT
Title Principles of unit operations /
250 ## - EDITION STATEMENT
Edition statement 2 /
260 ## - PUBLICATION, DISTRIBUTION, ETC. (IMPRINT)
Place of publication Florida :
-- New Delhi:
Name of publisher Krieger publishing company ,
-- Wiley India ,
Year of publication 2010
300 ## - PHYSICAL DESCRIPTION
Number of Pages 768 ; .
700 1# - ADDED ENTRY--PERSONAL NAME
Personal name Leonard, A Wenzel .
700 1# - ADDED ENTRY--PERSONAL NAME
Personal name Clump, Curtis W
942 ## - ADDED ENTRY ELEMENTS (KOHA)
Koha item type Books
Holdings
Withdrawn status Lost status Damaged status Home library Current library Shelving location Date acquired Full call number Accession Number Koha item type Collection code Source of acquisition Cost, normal purchase price
      KAUAET KAUAET Reference 07/04/2012 660.2842 19867 Reference      
      KAUAET KAUAET General Stacks 30/03/2013 660.2842 FOU/PR 23684 Books Non-fiction Calicut Book Distributors 619.00
free website counter